[Event "Satka Autumn 2020"]
[Site "Satka"]
[Date "2020.10.29"]
[Round "9.3"]
[White "Protopopova, Anastasiya"]
[Black "Petrukhina, Olga"]
[Result "1-0"]
[WhiteElo "2210"]
[BlackElo "2109"]
[Annotator "TA"]
[PlyCount "125"]
[EventDate "2020.10.21"]
[EventType "swiss"]
[EventCountry "RUS"]
[SourceTitle "playchess.com"]
[Source "ChessBase"]
[SourceQuality "1"]

{[%evp 15,125,30,31,8,50,22,25,32,136,135,128,137,128,118,127,43,52,78,59,5,14,0,147,127,120,110,145,68,175,159,269,99,155,147,156,149,150,152,156,150,140,141,514,473,664,643,610,465,588,584,559,564,619,342,331,326,328,322,468,434,931,920,874,433,29990,207,200,151,152,145,178,181,881,0,487,-462,321,314,645,645,564,541,29965,616,780,572,575,578,580,471,461,357,1083,1062,1160,1151,1128,1035,2023,1752,29981,29952,6432,5474,29980,29978,29979,29980,29986,29987,29987,29980]} 1. d4 e6 2. c4 d5 3. Nc3 Be7 4. Nf3 Nf6 5. cxd5 exd5 6. Qc2 c6 7. Bg5 {7.h3 is the fancy move.} Nbd7 8. e3 Nh5 9. h4 {D36: Queen's Gambit Declined: Exchange Variation: Main line (5 Bg5 c6 6 Qc2).} Ndf6 10. Ne5 h6 11. Be2 {[#] White has an edge.} Ng3 $146 {[#]} ({Better is} 11... Be6 $14) ({Predecessor:} 11... Be6 12. O-O-O Qd6 13. g4 hxg5 14. hxg5 Nd7 15. f4 Nxe5 16. dxe5 Qc5 17. Rd4 g6 18. gxh5 {1-0 (30) Yilmaz,M (2631)-Chen,Q (2424) Qinhuangdao 2019}) 12. Bxf6 $1 $16 {[%mdl 512]} gxf6 (12... Bxf6 13. fxg3) 13. Nxf7 (13. fxg3 fxe5 14. Bh5 O-O $15) 13... Kxf7 14. fxg3 h5 15. O-O (15. O-O-O $16) 15... Qg8 $1 $14 16. Rf3 {aiming for e4.} Bg4 17. Raf1 (17. Rf2 $14) 17... Bxf3 $11 18. Rxf3 Rh6 (18... Kg7 $1 $11) 19. e4 $16 Kg7 20. exd5 cxd5 21. Rf5 (21. Qb3 $16 Rd8 22. Qxb7) 21... Kh8 ({Black should play} 21... Qe6 $14) 22. Qd2 $18 (22. Nxd5 Qxg3 23. Qd2 (23. Nxe7 Qe3+ 24. Kh2 Qxe7 $14) 23... Bf8 $14) 22... Rh7 (22... Bf8 $16 {was called for.}) 23. Nxd5 $2 (23. Rxh5 Qxg3 24. Nxd5 Bd6 $11) (23. Bd3 $1 $18 {and the rest is easy.}) 23... Bd6 (23... Qxg3 $142 24. Nxe7 (24. Rxh5 Bd6 $11) 24... Rxe7) 24. g4 $1 $16 {[%mdl 64] Decoy} (24. Bxh5 $2 Qxg3 25. Ne3 Qh2+ 26. Kf1 Rg8 $19) 24... hxg4 25. Nxf6 {[%mdl 64] Double Attack} Qg6 26. Bd3 $1 $36 {[%mdl 2048] White is on the roll.} (26. Bxg4 Rxh4 27. Qc3 b5 $17) 26... Rxh4 {[#]} 27. Rh5+ $1 {[%mdl 576] Discovered Attack} Qxh5 (27... Rxh5 28. Bxg6) 28. Nxh5 Bh2+ $2 {[%mdl 8192]} (28... Rxh5 $16 {is more resistant.} 29. Bg6 Rh2) 29. Kf1 {White threatens Qh6+ and mate.} Rf8+ (29... Rxh5 $142 30. Bg6 Rf8+ 31. Ke2 Bg1) 30. Ke2 $18 Rxh5 31. Bg6 Bg1 {Strongly threatening ...Rf2+.} 32. Qc1 ({Not} 32. Bxh5 Rf2+ 33. Ke1 Rxd2 $11) 32... Rh1 33. Kd3 Rd8 34. Ke4 Rxd4+ 35. Kf5 {Intending Qc8+ and mate.} Rd8 36. Kxg4 Rd4+ (36... a5 $142 37. Kg5 b5) 37. Kg5 {Threatening mate with Qc8+.} Rd5+ (37... Rd8 $142 38. g4 Rg8) 38. Bf5 $1 Rd8 39. g4 (39. Be6 $142 a6 40. Kg6) 39... Re8 (39... Rg8+ $18 40. Bg6 a6) 40. Be4 $2 (40. Qc3+ {mates} Kg8 41. Kg6 Rh7 42. Qf6 Rc7 43. Bc2 $1 {[%mdl 512]} Re6 44. Qxe6+ Kf8 45. Qd6+ {[%mdl 64] Double Attack} Ke8 46. Qxc7 Be3 47. Qxb7 Bg1 48. Ba4+ Kf8 49. Qg7#) 40... Rh7 {intending ...Bd4.} 41. Qc3+ ({Don't take} 41. Qxg1 $6 Rxe4 42. Kf5 (42. Qxa7 Rg7+ 43. Kf6 Rexg4 $11) 42... Rc4 $14) 41... Rg7+ 42. Bg6 Be3+ 43. Kh5 $1 Ree7 $2 (43... Reg8 44. a3 (44. Qxe3 Rxg6 45. Qe5+ Kh7 $18) 44... Bf4) 44. b3 $2 (44. g5 $18) 44... Bb6 $2 {[%mdl 8192]} (44... Bf4 $11 {and Black is okay.} 45. Qc8+ Rg8 46. Qc3+ Rgg7) 45. Bf5 $4 {[%mdl 8192] [#]} (45. g5 $18 {and life is good for White.} Bd8 46. Qd3) 45... Bc7 $4 {[%mdl 8192]} (45... Re3 $1 $19 {[%cal Re3c3] and all is fine.} 46. Qc8+ Rg8 47. Qxg8+ Kxg8) 46. g5 Be5 $2 (46... Re5 47. Kh6 Bd6) 47. Qc8+ Rg8 {[#]} 48. Qc5 $1 {[%mdl 512]} Rgg7 {[#]} 49. Qxa7 (49. Be6 $142 $1 {[%mdl 512]} Bc7 (49... Rxe6 50. Qc8+) 50. g6 Bd8 51. Qf5 Rh7+ 52. gxh7 Rxh7+ 53. Kg4 Kg7 54. Bd5 Rh4+ 55. Kf3) 49... Rgf7 50. Kg4 Kg7 51. Qb6 Kf8 52. g6 Rg7 53. Qc5 Bc7 $2 (53... Bf6 54. Qb6 Be5) 54. a4 Ke8 55. Qb5+ Kf8 56. Qxb7 Re2 57. Qf3 Re5 58. Be6+ Ke7 59. Bf7 Bd6 60. Qb7+ {White mates.} Kf6 {[#]} 61. Qc6 $1 Rxf7 62. Qxd6+ Re6 63. gxf7 {Av CentiPawn Loss W=-130/B=249. Weighted=-135/-55} 1-0

[Event "Satka Autumn 2020"]
[Site "Satka"]
[Date "2020.10.29"]
[Round "9.4"]
[White "Doroshenko, Diana"]
[Black "Bivol, Alina"]
[Result "0-1"]
[WhiteElo "2214"]
[BlackElo "2393"]
[Annotator "TA"]
[PlyCount "138"]
[EventDate "2020.10.21"]
[EventType "swiss"]
[EventCountry "RUS"]
[SourceTitle "playchess.com"]
[Source "ChessBase"]
[SourceQuality "1"]

{[%evp 12,138,13,13,20,0,0,0,0,0,0,0,17,0,0,0,17,-37,-39,-43,0,-34,20,0,0,-43,-25,-22,0,0,0,0,0,-3,0,0,7,0,0,0,0,0,0,0,12,0,8,0,12,0,0,0,6,-27,-6,-6,-6,-15,0,0,0,0,0,0,0,0,0,0,11,4,7,0,0,0,0,-1,0,0,0,0,0,0,0,0,0,0,0,0,0,0,0,0,0,0,0,0,0,-18,-18,-24,-12,-13,0,-24,-24,-67,0,-8,0,-8,-8,-43,-3,-172,-66,-29970,-206,-29973,-29975,-29976,-29977,-29978,-12796,-654,0,-29977,-29979,-29995,-29996]} 1. c4 c5 2. Nc3 Nf6 3. Nf3 Nc6 4. e3 e5 5. d4 e4 6. Ne5 cxd4 7. exd4 Bb4 8. a3 Bxc3+ 9. bxc3 Qa5 {The position is equal.} 10. Nxc6 $1 bxc6 11. Bd2 Ba6 12. Be2 O-O 13. O-O Rfe8 14. Qc2 (14. c5 $11) 14... d5 $15 15. Rfb1 dxc4 16. Rb4 Qd5 (16... Qc7 $15) 17. Qa2 Qd6 18. Rab1 Nd5 19. Bxc4 Nxb4 20. Bxf7+ {[%mdl 64] [#] Double Attack} Kh8 21. axb4 Bd3 22. Ra1 Rf8 {White must now prevent ...Qf6.} 23. Be3 a6 24. Be6 Rf6 25. d5 cxd5 26. Bxd5 Rd8 27. Bb3 Rf5 28. h3 h6 29. Kh1 Qg6 30. Rc1 Qd6 31. Ra1 Ra8 32. Bc5 Qc6 33. Ba4 Qc8 34. Bb3 {And now Be6 would win.} Qc6 35. Ba4 Qb7 36. Qe6 Rf6 37. Qd7 Qxd7 38. Bxd7 Rd8 39. Ba4 Rg6 40. Bb3 Bb5 41. Bf7 Rf6 42. Be7 Rxf7 43. Bxd8 Rxf2 $11 {[%mdl 4096] Endgame KRB-KRB} 44. Re1 Bd3 45. Bb6 Rc2 46. Bd4 Kh7 47. h4 g5 48. hxg5 hxg5 49. Kh2 Kg6 50. Kg3 Ra2 51. Be3 Kf5 52. Bd4 Bc4 53. Be3 Rc2 54. Bd4 Rd2 55. Bf2 Rd3+ 56. Re3 $1 Rd2 57. Re1 $1 Bd5 58. Bd4 Rd3+ (58... e3 $1 $15 59. Bxe3 Rxg2+ 60. Kh3 g4+ 61. Kh4 Rh2+ 62. Kg3 Rh3+ 63. Kf2 g3+ 64. Ke2 Kg4) 59. Kf2 Bc4 60. Re2 Rd1 61. Rb2 Kf4 {[%csl Gc4][%cal Rd1f1]} (61... g4 {keeps more tension.} 62. Rc2 Rd3 63. Re2 g3+ 64. Ke1 Kf4) 62. g3+ $2 (62. Be3+ $11 {and White has nothing to worry.} Kg4 63. Bd2) 62... Kg4 ({Better is} 62... Kf5 $19 63. Rc2 Rf1+ 64. Kg2 Kg4) 63. Be3 $2 {[%mdl 8192] [#]} (63. Ke3 $15) 63... Rf1+ $1 64. Kg2 Rf3 {[%mdl 64] Double Attack} 65. Bf2 e3 66. Be1 Bd5 (66... Rf1 $142 67. Rd2 exd2 68. Bxd2 Rf3 69. b5 Rxg3+ 70. Kf2 Rf3+ 71. Kg2 Bf1+ 72. Kg1 Kh3 73. Be1 axb5 74. Bh4 gxh4 75. c4 Bxc4 76. Kh1 Rf1#) 67. Kg1 $19 Bc4 (67... Bg8 $19 68. b5 Bc4) 68. Kg2 Rf1 69. Rb1 e2 {Av CentiPawn Loss W=140/B=441. Weighted=8/133} 0-1

[Event "Satka Autumn 2020"]
[Site "Satka"]
[Date "2020.10.29"]
[Round "9.5"]
[White "Zherebtsova, Alexandra"]
[Black "Khokhlova, Daria"]
[Result "1/2-1/2"]
[WhiteElo "2225"]
[BlackElo "2168"]
[Annotator "TA"]
[PlyCount "82"]
[EventDate "2020.10.21"]
[EventType "swiss"]
[EventCountry "RUS"]
[SourceTitle "playchess.com"]
[Source "ChessBase"]
[SourceQuality "1"]

{[%evp 22,82,22,-6,0,0,0,0,0,0,0,-25,-28,-26,-33,-35,-35,-41,0,-53,-6,-26,-22,-62,6,-54,-44,-48,-44,-51,-34,-52,-8,-20,-2,-14,-23,-22,-19,-73,-74,-116,-93,-98,-95,-118,-105,-116,-115,-112,-113,-176,-154,-143,-72,-181,-131,-129,-125,-183,-177,-160,-169]} 1. Nf3 Nf6 2. g3 g6 3. Bg2 c5 4. O-O Bg7 5. d4 cxd4 6. Nxd4 O-O 7. Nc3 Nc6 8. Nb3 d6 9. e4 a5 10. a4 Bg4 11. f3 Be6 12. Nd5 Bxd5 {B70: Sicilian Dragon: 6 g3 and 6 Be2 (without a later Be3).} 13. exd5 Qb6+ 14. Kh1 Nb4 {The position is equal.} 15. f4 Qa6 16. Be3 Qc4 17. c3 Nbxd5 18. Bg1 e6 19. Nd4 Rfd8 20. Nb5 (20. Rc1 $11) 20... Qc8 21. Qf3 Rd7 22. Rfd1 Ne8 (22... Qb8 $15) 23. g4 (23. f5 $1 $11) 23... Ne7 $15 24. b3 d5 25. Rac1 Qd8 26. Rd3 Nc6 27. Rcd1 Nd6 28. Nxd6 Rxd6 29. Bc5 Rd7 30. c4 {[#]} (30. Qf2 $11 {keeps the balance.}) 30... d4 $1 $17 31. R3d2 Rc8 {Threatens to win with ...Ne5.} 32. Qf2 Qc7 33. Kg1 Ne5 34. fxe5 Qxc5 35. Rxd4 Rxd4 36. Rxd4 (36. Qxd4 $17 Qxd4+ 37. Rxd4) 36... Qxe5 37. Rd7 Qa1+ ({Black should try} 37... Bf6 {And now ...Rd8 would win.} 38. Bxb7 Rd8 39. Rxd8+ Bxd8) 38. Bf1 (38. Qf1 $17) 38... Rf8 39. Kg2 Qc3 40. Rxb7 (40. Rd3 $17 {keeps fighting.} Qe5 41. Be2) 40... Bd4 $19 41. Qf3 {[#]} Qd2+ $1 {Av CentiPawn Loss W=-20/B=-14. Weighted=-23/-16} 1/2-1/2

[Event "Satka Autumn 2020"]
[Site "Satka"]
[Date "2020.10.29"]
[Round "9.6"]
[White "Maltsevskaya, Aleksandra"]
[Black "Dubnikova, Anastasia"]
[Result "1-0"]
[WhiteElo "2260"]
[BlackElo "2148"]
[Annotator "TA"]
[PlyCount "69"]
[EventDate "2020.10.21"]
[EventType "swiss"]
[EventCountry "RUS"]
[SourceTitle "playchess.com"]
[Source "ChessBase"]
[SourceQuality "1"]

{[%evp 20,69,68,67,84,89,65,89,122,138,180,137,218,223,228,247,234,229,309,306,306,313,326,348,337,333,339,329,304,328,310,302,288,188,259,182,599,306,566,591,861,368,29977,29978,29978,29978,5601,5484,5581,272,5202,5189]} 1. e4 Nf6 2. e5 Nd5 3. d4 d6 4. c4 Nb6 5. f4 dxe5 6. fxe5 Nc6 7. Be3 g6 8. Nc3 Bg7 9. Be2 O-O 10. Nf3 Bg4 11. O-O Qd7 {B03: Alekhine's Defence: Four Pawns Attack.} 12. Qd2 Rad8 {Threatening ...Bxf3.} 13. Rad1 Bxf3 {White is better.} 14. Rxf3 Qe6 {[#] Strongly threatening ...Nxe5!} 15. Qc1 Nxe5 (15... Nxd4 $16 16. Rxd4 Rxd4) 16. dxe5 $18 Nxc4 17. Bxc4 (17. Bxa7 $6 Rxd1+ 18. Nxd1 (18. Qxd1 b6 $14) 18... Nxe5 $16) 17... Qxc4 18. Nd5 ({Less strong is} 18. Bxa7 Rxd1+ 19. Qxd1 b6 $14) 18... Qxa2 19. Nxe7+ Kh8 20. Rxd8 Rxd8 21. Qxc7 Rd1+ 22. Rf1 Rxf1+ 23. Kxf1 {[#] Intending Qd8+ and mate.} Qb1+ 24. Kf2 {Threatening mate with Qd8+.} Qxb2+ 25. Kf3 {White wants to mate with Qd8+.} Bxe5 26. Qd8+ Kg7 27. h4 ({Not} 27. Bxa7 Qb5 $16) 27... h6 $2 (27... Qb3 28. h5 h6 29. hxg6 fxg6) 28. Qg8+ Kf6 29. Qf8 {Black must now prevent Ng8+.} Ke6 {With the idea ...Qb5.} 30. Ng8 (30. Qe8 $142) 30... Kd5 $2 (30... Bd4 $18 31. Qe7+ Kd5 32. Qxf7+ Kc5 33. Qc7+ (33. Nxh6 Bxe3 34. Qe7+ {[%mdl 64] Double Attack} Kc4 $18) 33... Kb5 34. Qxb7+ Bb6 35. Qd7+ Kb4 36. Bxb6 axb6 37. Qd6+ Ka5 38. Nxh6 Qc3+ 39. Kf2 Qc4) 31. Qc5+ Ke6 32. Qc8+ Kd6 33. Bc5+ Kd5 34. Ne7+ Kc4 35. Ba3+ {[%mdl 64] Discovered Attack. Black did not feel at home in the position after the opening. Av CentiPawn Loss W=-40/B=917. Weighted=-29/172} 1-0

[Event "Satka Autumn 2020"]
[Site "Satka"]
[Date "2020.10.29"]
[Round "9.7"]
[White "Smirnova, Ekaterina"]
[Black "Schepetkova, Margarita"]
[Result "1/2-1/2"]
[WhiteElo "2282"]
[BlackElo "2257"]
[Annotator "TA"]
[PlyCount "110"]
[EventDate "2020.10.21"]
[EventType "swiss"]
[EventCountry "RUS"]
[SourceTitle "playchess.com"]
[Source "ChessBase"]
[SourceQuality "1"]

{[%evp 16,110,-27,-29,-38,-28,23,26,15,16,26,26,31,23,24,12,37,9,41,34,61,20,23,16,19,17,20,0,27,22,30,26,31,14,10,9,15,18,9,6,4,1,5,8,20,4,32,31,31,21,30,17,13,4,10,7,10,8,14,12,12,12,14,-3,-2,-9,0,0,0,-9,-2,-9,-9,-69,-69,-69,-69,-69,-69,-69,-69,-69,-10,-10,-9,-9,-9,-10,-10,-10,-10,-10,-10,-10,-10,-10,0]} 1. c4 Nf6 2. Nc3 e5 3. g3 Bb4 4. Bg2 O-O 5. Nf3 Nc6 6. O-O d6 7. d3 h6 8. a3 Bxc3 9. bxc3 e4 {A29: English Opening: Four Knights Variation with 4 g3.} 10. Nd4 exd3 ({Black should play} 10... Na5) 11. exd3 $11 Nxd4 {White has an edge.} 12. cxd4 d5 13. Bf4 Be6 14. c5 Qd7 15. Re1 Rfc8 16. Rc1 Qc6 17. h3 Nd7 18. Be3 Nf8 19. Qb3 Ng6 20. Rb1 Rab8 21. a4 Ne7 22. Qb5 a6 23. Qxc6 Nxc6 24. Rb2 b5 25. cxb6 Rxb6 26. Rxb6 cxb6 27. Rb1 Rb8 28. g4 b5 29. axb5 axb5 30. f4 {Threatening f5.} f6 31. f5 Bf7 32. Bf3 b4 33. Bd1 Ra8 34. Bb3 Ra3 35. Bc1 Ra6 36. Bb2 Kf8 37. Kf2 Ke7 38. Ke3 Kd6 39. Kd2 Ra8 40. Ra1 Rxa1 41. Bxa1 {[%mdl 4096] Endgame KBB-KBN} h5 42. Ba4 hxg4 (42... Kc7 {is interesting.} 43. Kc2 hxg4 44. hxg4 g6 45. Kb3 gxf5 46. gxf5 Bh5) 43. hxg4 g6 44. Bxc6 (44. fxg6 $11 Bxg6 45. Bd1) 44... Kxc6 {KB-KB} 45. Kc2 gxf5 46. gxf5 Bh5 47. Bb2 Bg4 {...Kb5 is the strong threat.} 48. Bc1 Bxf5 (48... Kb5 $15 49. Kb3 Bd1+ 50. Ka2 Ka4) 49. Kb3 {The position is equal.} Bh3 (49... Kb5 {seems wilder.} 50. Bd2 Bxd3 51. Bxb4 Kc6 52. Be7 f5) 50. Kxb4 Kd6 51. Kc3 Ke6 52. Kd2 Kf5 53. Ke3 Bf1 54. Ba3 Kg4 55. Bd6 f5 {Av CentiPawn Loss W=-6/B=-6. Weighted=-6/-7} 1/2-1/2

[Event "Satka Autumn 2020"]
[Site "Satka"]
[Date "2020.10.29"]
[Round "9.8"]
[White "Alekseeva, Irina"]
[Black "Filippova, Margarita"]
[Result "1/2-1/2"]
[WhiteElo "2110"]
[BlackElo "1896"]
[Annotator "TA"]
[PlyCount "81"]
[EventDate "2020.10.21"]
[EventType "swiss"]
[EventCountry "RUS"]
[SourceTitle "playchess.com"]
[Source "ChessBase"]
[SourceQuality "1"]

{[%evp 9,81,0,0,0,0,0,0,0,0,0,0,0,5,-7,8,-6,9,7,11,2,41,25,41,0,0,0,0,-63,-68,-59,15,13,18,14,13,0,0,0,0,0,0,0,0,0,0,0,0,0,0,0,0,0,0,0,0,0,0,0,0,0,0,0,0,0,0,0,0,0,0,0,0,0,0,0]} 1. e4 e5 2. Nf3 Nf6 3. Nc3 Nc6 4. a3 d5 5. exd5 Nxd5 6. Bb5 {C47: Scotch Four Knights and Four Knights with 4 g3.} Nxc3 7. bxc3 Bd6 8. d4 exd4 9. Qe2+ Qe7 10. Qxe7+ Bxe7 11. cxd4 Bd7 12. Bf4 Rc8 13. O-O O-O 14. Rab1 a6 15. Bd3 b5 16. c4 Bg4 17. cxb5 axb5 18. Ne5 ({White should play} 18. d5 $11 Bxf3 19. gxf3 (19. dxc6 Bxc6 20. g3 Bxa3 $15)) 18... Nxe5 $15 19. Bxe5 Bxa3 (19... c6 $1 $15) 20. Bxb5 {The position is equal.} Rcd8 21. Rb3 $36 {[%mdl 2048] White is pushing.} Bd6 22. Bc6 Be6 23. Rb7 f6 24. Bxd6 Rxd6 25. Rxc7 Rxd4 26. Re1 Rc8 27. Rxc8+ Bxc8 $11 {[%mdl 4096] Endgame KRB-KRB} 28. h3 {[#] aiming for Re8+.} (28. h4 {is more complex.} Kf7 29. g3 Be6 30. Kg2 f5 31. Bf3) 28... Bd7 29. Bxd7 Rxd7 {KR-KR} 30. g4 Kf7 31. Kg2 h5 32. Kg3 hxg4 33. hxg4 Rd3+ 34. f3 Rb3 35. Rc1 Ra3 36. Rb1 Rc3 37. Rd1 Rb3 38. Ra1 Rc3 39. Rb1 Ra3 40. Re1 Rc3 41. Ra1 {Av CentiPawn Loss W=-3/B=-5. Weighted=-4/-5} 1/2-1/2

[Event "Satka Autumn 2020"]
[Site "Satka"]
[Date "2020.10.29"]
[Round "9.9"]
[White "Loskutova, Viktoriya"]
[Black "Mukhina, Jana"]
[Result "1-0"]
[WhiteElo "2110"]
[BlackElo "2025"]
[Annotator "TA"]
[PlyCount "31"]
[EventDate "2020.10.21"]
[EventType "swiss"]
[EventCountry "RUS"]
[SourceTitle "playchess.com"]
[Source "ChessBase"]
[SourceQuality "1"]

{[%evp 17,31,10,27,38,58,28,115,108,292,282,486,141,29995,840,29996,29997]} 1. e4 e5 2. Nf3 Nc6 3. Bb5 Nf6 4. O-O Bc5 5. c3 O-O 6. d4 Bb6 7. dxe5 Nxe4 8. Qd5 Nc5 9. Bg5 Qe8 (9... Ne7 $5 {[%cal Re7d5]} 10. Qd1 h6 $11) 10. Re1 {C65: Ruy Lopez: Berlin Defence (3...Nf6), unusual lines and 4 0-0 Bc5.} Ne6 11. Bd3 Nc5 (11... Nxg5 $11 12. Nxg5 Qe7) 12. Bc2 $16 {White is better.} a5 $2 (12... Qe6 $16 13. Qxe6 Nxe6) 13. Qc4 $18 {Strongly threatening Qh4.} h6 $2 {[#]} (13... Ne7 14. b4 Ne6 15. Bxh7+ Kxh7) 14. Bxh6 $2 (14. Qh4 $1 $18 {and the rest is easy. Bxh6! is the strong threat.} Qe6 {[#]} 15. Bf6 $1 {[%mdl 512]}) 14... gxh6 $2 {[%mdl 8192]} (14... Qe6 $16 15. Qxe6 Nxe6) 15. Qg4+ Kh8 16. Qf5 {White took control after the opening.} 1-0

[Event "Satka Autumn 2020"]
[Site "Satka"]
[Date "2020.10.29"]
[Round "9.10"]
[White "Prudnikova, Svetlana"]
[Black "Stroganova, Karina"]
[Result "0-1"]
[WhiteElo "2203"]
[BlackElo "1825"]
[Annotator "TA"]
[PlyCount "74"]
[EventDate "2020.10.21"]
[EventType "swiss"]
[EventCountry "RUS"]
[SourceTitle "playchess.com"]
[Source "ChessBase"]
[SourceQuality "1"]

{[%evp 9,74,1,9,5,11,0,21,-20,5,9,11,6,14,1,2,-17,-12,-11,-9,-17,17,-25,-21,-88,30,29,29,41,84,0,0,0,0,-10,19,16,36,0,32,0,0,-14,0,0,0,0,114,-46,-39,-217,-214,-247,-30,-365,-360,-1012,-976,-2375,-12822,-29979,-29981,-29989,-29990,-29990,-29991,-29991,-29992]} 1. d4 d5 2. Nf3 Bf5 3. c4 e6 4. Nc3 Nf6 5. Bf4 Bd6 6. Bxd6 {D06: Queen's Gambit: Symmetrical and Baltic Defences.} Qxd6 7. c5 Qd8 8. Qb3 {The position is equal.} Qc8 9. Nh4 Bg6 10. e3 Nbd7 11. Nxg6 hxg6 12. Be2 c6 13. Qc2 e5 14. b4 O-O 15. h4 Re8 16. O-O-O (16. O-O $11) 16... e4 (16... b6 $17) 17. g4 $11 b6 18. g5 Nh5 19. Bg4 (19. b5 $16) 19... f5 20. gxf6 Nhxf6 21. Bh3 (21. Bxd7 $5 Qxd7 22. Rhg1 $14) 21... bxc5 22. bxc5 Rb8 23. Rhg1 Qa6 {And now ...Qa3+ would win.} 24. Qa4 Qb7 {[%csl Gb8][%cal Rb7b2]} 25. Rd2 Kh7 26. Qc2 Qc7 27. f3 Rb7 {[#]} (27... Rb4 $11 {keeps the balance.}) 28. Bxd7 $2 (28. h5 $1 $16 {[%mdl 512]}) 28... Qxd7 $15 29. Rdg2 $2 ({White should try} 29. Rf2 $15) 29... exf3 $19 30. Rxg6 {[#]} Kh8 $2 (30... Ne4 $1 $19 {Strongly threatening ...f2.} 31. Nxe4 (31. Rxg7+ $2 Qxg7 32. Rxg7+ Rxg7 $19) 31... dxe4) 31. h5 $2 {[%mdl 8192]} (31. Rxg7 $11 {and White has nothing to worry.} Qe6 32. Rxb7 Qxe3+ {[%mdl 64] Double Attack} 33. Kb2 Qxg1 34. Qf5 Qg2+ 35. Kc1 Qf1+ 36. Nd1 Qc4+ {[%mdl 64] Double Attack} 37. Kb1 Qxd4 {[%mdl 64] Double Attack} 38. Qxf3) 31... Rxe3 32. h6 $2 {[#]} (32. Rxg7 Rxc3 33. Qxc3) 32... f2 $1 {[%mdl 512]} 33. hxg7+ (33. Qxf2 Rxc3+) 33... Kg8 34. Rd1 {[#]} Rxc3 $1 {[%mdl 576] Deflection, Promotion. Black mates.} 35. Qxc3 {[#]} Qf5 $1 {[%csl LRg6,LRg7][%mdl 512]} 36. Rxf6 Rb1+ 37. Kd2 Rxd1+ {Av CentiPawn Loss W=-116/B=303. Weighted=-85/208} 0-1

[Event "Satka Autumn 2020"]
[Site "Satka"]
[Date "2020.10.29"]
[Round "9.11"]
[White "Nasybullina, Dayana"]
[Black "Shnayder, Violetta"]
[Result "1/2-1/2"]
[WhiteElo "1802"]
[BlackElo "1917"]
[Annotator "TA"]
[PlyCount "157"]
[EventDate "2020.10.21"]
[EventType "swiss"]
[EventCountry "RUS"]
[SourceTitle "playchess.com"]
[Source "ChessBase"]
[SourceQuality "1"]

{[%evp 11,157,0,-8,-23,15,4,14,16,14,0,6,11,18,0,26,0,0,1,21,0,12,22,33,12,36,6,54,42,61,12,19,8,140,145,173,150,145,144,154,118,108,119,148,151,132,133,180,153,161,154,151,151,147,130,127,129,154,101,99,102,124,61,61,61,56,52,59,54,60,62,50,53,54,62,65,59,115,119,62,62,194,71,189,20,49,0,0,0,0,0,8,8,8,0,857,758,29970,29971,29971,29970,29970,29970,29966,0,29964,0,29970,29971,29976,29972,29972,29973,29976,29971,29977,0,29976,0,29977,29972,29972,29973,29973,29974,29974,29975,29975,29974,29974,29975,29975,29977,29977,29978,29981,29979,29982,29983,29985,29986,29986,29987,29987,29987,29987,29988,29989,29990]} 1. Nf3 Nf6 2. g3 g6 3. b3 Bg7 4. Bb2 d5 5. Bg2 O-O 6. O-O c5 7. c4 {A05: Réti Opening: 1 Nf3 Nf6.} e6 8. Qc2 Nbd7 9. cxd5 {The position is equal.} exd5 10. d4 b6 $1 11. Rd1 Bb7 12. dxc5 bxc5 {[#]} 13. Nbd2 $146 ({Predecessor:} 13. e3 Rc8 14. Nc3 Qa5 15. Ne2 d4 16. exd4 cxd4 17. Qd2 Qxd2 18. Nxd2 d3 19. Nf4 Ba6 20. Nc4 Bxc4 21. bxc4 Rxc4 22. Rxd3 {½-½ (22) Jovanovic,S (2193)-Vassilev,M (2040) Paracin 2017}) 13... Qe7 14. e3 a5 15. a4 Rfc8 16. Rac1 Nb6 17. Re1 c4 18. Bd4 Qb4 19. bxc4 Nxc4 20. Nxc4 (20. Rb1 $5 {[%cal Rb1b4]} Qe7 21. Qa2 $14) 20... Rxc4 21. Qb1 Ba6 (21... Rac8 $11) 22. Qa1 $36 {[%mdl 2048] White has strong initiative.} Ne8 23. Ne5 Bxe5 24. Bxe5 Rd8 25. Bf1 {And now Rb1 would win.} Rxc1 26. Rxc1 Bc4 27. Bc3 Qb6 28. Bd4 Qe6 29. Bxc4 dxc4 30. Qc3 Nd6 31. Qxa5 Rc8 32. Qe5 Qxe5 33. Bxe5 {[%mdl 4096] Endgame KRB-KRN} Ne4 34. Bd4 (34. Rc2 $142 $1) 34... Nd2 35. Rc2 Nf3+ 36. Kh1 (36. Kf1 $16) 36... Nxd4 $14 37. exd4 {KR-KR} Kf8 38. a5 Ke7 39. Kg2 Kd6 40. Kf3 Kd5 41. Ke3 Re8+ 42. Kd2 Kxd4 43. a6 $1 Ra8 (43... Re7 $14) 44. Ra2 $16 Ra7 45. Ra4 h5 (45... f6 $14) 46. f3 (46. f4 $18 {has better winning chances.}) 46... f6 (46... g5 $16) 47. h3 $2 ({White should try} 47. f4 $18) 47... g5 $11 48. h4 gxh4 49. gxh4 f5 50. f4 Ke4 51. Rxc4+ Kf3 $1 52. Ra4 Kg4 $2 {[%mdl 8192] Black is now going downhill.} (52... Kg3 $11) 53. Ke3 $1 $18 {[%cal Re3f2]} Kxh4 {[#]} 54. Kf3 $1 Kh3 55. Ra1 {[%cal Ra1h1]} Kh2 56. Ra2+ Kh3 57. Ra1 {[%cal Ra1h1]} Kh2 58. Ra2+ Kh3 59. Ra5 h4 60. Ra1 {[%cal Ra1h1]} Kh2 {[#]} 61. Ra2+ $1 Kh3 62. Ra3 Kh2 63. Ra2+ Kh3 $1 64. Ra3 Kh2 65. Kf2 {White mates.} Rg7 66. a7 Rg2+ 67. Ke1 Rg1+ 68. Kd2 Rg2+ 69. Kc1 Rg1+ 70. Kb2 Rg8 71. a8=Q Rxa8 72. Rxa8 {KR-KPP} Kg2 73. Kc3 h3 74. Rh8 Kg3 75. Kd4 Kxf4 76. Rxh3 Kg4 77. Rh8 Kg3 78. Rf8 f4 79. Ke4 {[%mdl 32768] Av CentiPawn Loss W=-11/B=-93. Weighted=-20/-77. An unexpected result.} 1/2-1/2